| 000 | 00680nam a2200181Ia 4500 | ||
|---|---|---|---|
| 008 | 100917s9999 xx 000 0 und d | ||
| 082 | _b48656 | ||
| 100 | _aश्रोत्रयि ब्रि. कृ. | ||
| 245 | _aविलक्षण गोष्टी भा. 1 ला.(आ. 2 री) | ||
| 260 |
_bश्रोत्रयि प्रकाशन _c1979 |
||
| 300 | _a48 | ||
| 365 | _b3 | ||
| 520 | _aबालविभाग | ||
| 630 | _aविलक्षण गोष्टी भा. 1 ला.(आ. 2 री) | ||
| 650 | _aबालविभाग | ||
| 730 | _aविलक्षण गोष्टी भा. 1 ला.(आ. 2 री) | ||
| 942 | _cBOOK | ||
| 999 |
_c654050 _d654047 |
||